Náhradné výživné - novela zákona

Náhradné výživné upravuje zákon č. 201/2008 Z. z. o náhradnom výživnom a o zmene a doplnení niektorých zákonov. Ostatná novela nadobúda účinnosť 1. júla 2018. Najdôležitejšie zmeny novely zákona. Vecná špecifikácia exekučného konania. Účel náhradného výživného. Podmienky pre vznik a poskytnutie náhr...

Full description

Saved in:
Bibliographic Details
Main Author: Matulková, Mariana
Format: Book Chapter
Language:Slovak
Subjects:
Tags: Add Tag
No Tags, Be the first to tag this record!

MARC

LEADER 00000naa a2200000 4500
001 0243866
005 20180605144751.1
041 0 |a slo 
044 |a SK 
245 1 0 |a Náhradné výživné - novela zákona  |c Mariana Matulková 
520 |a Náhradné výživné upravuje zákon č. 201/2008 Z. z. o náhradnom výživnom a o zmene a doplnení niektorých zákonov. Ostatná novela nadobúda účinnosť 1. júla 2018. Najdôležitejšie zmeny novely zákona. Vecná špecifikácia exekučného konania. Účel náhradného výživného. Podmienky pre vznik a poskytnutie náhradného výživného. Výplata náhradného výživného. Žiadosť o náhradné výživné. Poberateľ náhradného výživného. 
610 2 0 |a novelizácia 
610 2 0 |a legislatíva 
610 2 0 |a výživné 
610 2 0 |a deti 
610 2 0 |a súdy 
100 1 |a Matulková, Mariana